[Event "XXXIX C.to Italiano"]
[Site "Venezia ITA"]
[Date "1979.10.??"]
[Round "5"]
[White "Laco, Giuseppe"]
[Black "Rosino, Antonio"]
[Result "1-0"]
[WhiteElo "2160"]
[BlackElo "2290"]
[PlyCount "59"]
[EventDate "1979.10.21"]

1. c4 Nf6 2. b4 e5 3. a3 a5 4. b5 d5 5. Bb2 Nbd7 6. cxd5 Nxd5 7. e4 N5f6 8. Qc2
Bc5 9. h3 O-O 10. Nf3 Qe7 11. Bc4 h6 12. Nh4 Nb6 13. Ba2 Nh5 14. g3 Kh8 15. d3
Bd7 16. Nc3 Rad8 17. a4 Bb4 18. Kf1 c6 19. bxc6 bxc6 20. Nd1 Bc8 21. Ne3 Ba6
22. Rd1 Nf6 23. Kg2 Rfe8 24. Nhf5 Qb7 25. f3 c5 26. Ng4 Nxg4 27. hxg4 Kg8 28.
g5 hxg5 29. Rh5 g6 30. Qc1 1-0

[Event "XXXIX C.to Italiano"]
[Site "Venezia ITA"]
[Date "1979.10.??"]
[Round "5"]
[White "Messa, Roberto"]
[Black "Taruffi, Daniele"]
[Result "1-0"]
[WhiteElo "2205"]
[BlackElo "2345"]
[PlyCount "75"]
[EventDate "1979.10.21"]

1. e4 e5 2. Nf3 Nc6 3. d4 exd4 4. Nxd4 Bc5 5. Be3 Bb6 6. Nc3 d6 7. Be2 Nge7 8.
Qd2 O-O 9. O-O-O Nxd4 10. Bxd4 f5 11. Bxb6 axb6 12. Bc4+ Kh8 13. e5 Nc6 14.
exd6 cxd6 15. Qxd6 Qxd6 16. Rxd6 f4 17. Re1 Bf5 18. Bd3 Bxd3 19. cxd3 h6 20. d4
Rf7 21. a3 Rf5 22. f3 b5 23. d5 Ne5 24. Re4 Rg5 25. h4 Rf5 26. Re6 Nc4 27. Nxb5
Ne3 28. Nc7 Rg8 29. d6 Rc5+ 30. Kb1 Nc4 31. Rxf4 Nxd6 32. Rxd6 Rxc7 33. Rfd4
Kh7 34. Rd7 Rgc8 35. Rxc7 Rxc7 36. b4 Kg6 37. Kb2 Kf5 38. Kb3 1-0

[Event "XXXIX C.to Italiano"]
[Site "Venezia ITA"]
[Date "1979.10.??"]
[Round "5"]
[White "Sartori, Spartaco"]
[Black "Trabattoni, Franco"]
[Result "1/2-1/2"]
[WhiteElo "2385"]
[BlackElo "2330"]
[PlyCount "98"]
[EventDate "1979.10.21"]

1. c4 Nf6 2. Nc3 e6 3. Nf3 b6 4. e4 Bb7 5. Qe2 d6 6. d4 Be7 7. g3 d5 8. cxd5
exd5 9. e5 Ne4 10. Qb5+ c6 11. Qb3 O-O 12. Bd3 c5 13. Qc2 c4 14. Be2 Na6 15.
O-O Nb4 16. Qb1 Qd7 17. Ne1 f5 18. f3 Ng5 19. Bxg5 Bxg5 20. f4 Be7 21. Bf3 g5
22. a3 g4 23. axb4 gxf3 24. b5 a6 25. bxa6 Bxa6 26. Nxf3 b5 27. b4 cxb3 28.
Qxb3 Rfd8 29. Ra5 Kh8 30. Rfa1 Qc6 31. Nxd5 Rxd5 32. Rxa6 Rxa6 33. Rxa6 Qxa6
34. Qxd5 Qa1+ 35. Kf2 Qb2+ 36. Ke3 Qc3+ 37. Ke2 Qc2+ 38. Ke1 Qc1+ 39. Kf2 Qc2+
40. Ke3 Qc3+ 41. Kf2 Qc2+ 42. Kg1 Qd1+ 43. Kg2 Qe2+ 44. Kh1 b4 45. Ng1 Qc2 46.
h4 Kg7 47. Qe6 Kf8 48. d5 Bc5 49. Qf6+ Kg8 1/2-1/2

[Event "XXXIX C.to Italiano"]
[Site "Venezia ITA"]
[Date "1979.10.??"]
[Round "5"]
[White "Tatai, Stefano"]
[Black "Bonfa', Ileano"]
[Result "1/2-1/2"]
[WhiteElo "2475"]
[BlackElo "2300"]
[PlyCount "29"]
[EventDate "1979.10.21"]

1. c4 Nf6 2. Nc3 g6 3. e4 c5 4. Nf3 Nc6 5. d4 cxd4 6. Nxd4 d6 7. Be2 Nxd4 8.
Qxd4 Bg7 9. Be3 O-O 10. Qd2 Qa5 11. O-O Be6 12. Rac1 a6 13. f3 Rfc8 14. b3 b5
15. Nd5 1/2-1/2

[Event "XXXIX C.to Italiano"]
[Site "Venezia ITA"]
[Date "1979.10.??"]
[Round "5"]
[White "Toth, Bela"]
[Black "Olivotto, Roberto"]
[Result "1-0"]
[WhiteElo "2470"]
[BlackElo "2225"]
[PlyCount "61"]
[EventDate "1979.10.21"]

1. d4 Nf6 2. c4 e6 3. Nc3 Bb4 4. a3 Bxc3+ 5. bxc3 c5 6. e3 Qa5 7. Bd2 b6 8. Bd3
Bb7 9. f3 d6 10. Ne2 Nbd7 11. O-O Ba6 12. Qc2 d5 13. cxd5 c4 14. Be4 Nxd5 15.
Qd1 N7f6 16. Bc2 Bb7 17. e4 Ne7 18. Ng3 Nh5 19. Ba4+ Kf8 20. Nxh5 Qxh5 21. Rb1
Ba6 22. Bf4 f6 23. Bd7 Kf7 24. d5 exd5 25. Bg4 Qg6 26. exd5 Qd3 27. Be6+ Kg6
28. Qe1 h6 29. Rd1 Qc2 30. Rf2 Qa4 31. d6 1-0

[Event "XXXIX C.to Italiano"]
[Site "Venezia ITA"]
[Date "1979.10.??"]
[Round "6"]
[White "Bonfa', Ileano"]
[Black "Messa, Roberto"]
[Result "1-0"]
[WhiteElo "2300"]
[BlackElo "2205"]
[PlyCount "84"]
[EventDate "1979.10.21"]

1. Nf3 g6 2. e4 Bg7 3. d4 d6 4. h3 Nd7 5. Be2 e5 6. dxe5 dxe5 7. O-O Ngf6 8.
Nc3 O-O 9. b3 b6 10. Re1 Bb7 11. Bc4 Qe7 12. a4 Rad8 13. Ba3 c5 14. Nd5 Nxd5
15. Bxd5 Nf6 16. c4 Nxd5 17. exd5 e4 18. Ra2 f5 19. Nd4 Rf6 20. Qc1 Qe8 21. Ne2
Rf7 22. Bb2 Bxb2 23. Rxb2 Bc8 24. Ra2 a5 25. Ng3 Qe5 26. Qg5 Re8 27. Rae2 Qd4
28. h4 Ref8 29. Nh5 Kh8 30. Nf4 Qe5 31. g3 Rg7 32. Qh6 Qf6 33. Qg5 Qd6 34. Kg2
Kg8 35. f3 exf3+ 36. Kxf3 Qf6 37. Qxf6 Rxf6 38. Re8+ Rf8 39. Rxf8+ Kxf8 40.
Ne6+ Bxe6 41. Rxe6 Rb7 42. Kf4 Kg7 1-0

[Event "XXXIX C.to Italiano"]
[Site "Venezia ITA"]
[Date "1979.10.??"]
[Round "6"]
[White "Olivotto, Roberto"]
[Black "Sartori, Spartaco"]
[Result "1/2-1/2"]
[WhiteElo "2225"]
[BlackElo "2385"]
[PlyCount "25"]
[EventDate "1979.10.21"]

1. e4 e6 2. d3 d5 3. Nd2 Nf6 4. c3 Nc6 5. Ngf3 a5 6. e5 Nd7 7. d4 f6 8. exf6
Qxf6 9. Bb5 e5 10. dxe5 Ndxe5 11. O-O Bg4 12. Re1 O-O-O 13. Bxc6 1/2-1/2

[Event "XXXIX C.to Italiano"]
[Site "Venezia ITA"]
[Date "1979.10.??"]
[Round "6"]
[White "Passerotti, Pierluigi"]
[Black "Coppini, Giorgio"]
[Result "1/2-1/2"]
[WhiteElo "2340"]
[BlackElo "2285"]
[PlyCount "75"]
[EventDate "1979.10.21"]

1. e4 d6 2. d4 Nf6 3. Nc3 g6 4. Nge2 Bg7 5. g3 O-O 6. Bg2 a5 7. O-O c6 8. h3
Nfd7 9. Be3 Qc7 10. Qd2 Re8 11. Rad1 Na6 12. g4 b5 13. Ng3 Bb7 14. f4 b4 15.
Nce2 Nb6 16. b3 c5 17. d5 Qd7 18. f5 Nc7 19. Rf2 Nb5 20. Rdf1 Rf8 21. Bh6 Nd4
22. Bxg7 Nxe2+ 23. Nxe2 Kxg7 24. c4 bxc3 25. Qxc3+ Kg8 26. fxg6 hxg6 27. g5 Ba6
28. Bf3 Qb5 29. Rd1 Qb4 30. Qe3 Bxe2 31. Bxe2 Nd7 32. h4 Ne5 33. h5 gxh5 34.
Rf5 a4 35. Bxh5 axb3 36. axb3 Ra3 37. g6 fxg6 38. Bxg6 1/2-1/2

[Event "XXXIX C.to Italiano"]
[Site "Venezia ITA"]
[Date "1979.10.??"]
[Round "6"]
[White "Rosino, Antonio"]
[Black "Capece, Adolivio"]
[Result "1-0"]
[WhiteElo "2290"]
[BlackElo "2205"]
[PlyCount "67"]
[EventDate "1979.10.21"]

1. e4 d6 2. d4 Nf6 3. Nc3 c6 4. Nf3 g6 5. Be2 Bg7 6. O-O O-O 7. h3 Qa5 8. Be3
Nbd7 9. a4 Rd8 10. Qd2 e5 11. dxe5 Nxe5 12. Rad1 Be6 13. b3 Nfd7 14. Nd4 c5 15.
Nxe6 fxe6 16. Nb5 Qb6 17. Qxd6 Qxd6 18. Rxd6 Bf8 19. Rdd1 Nf6 20. f3 Kf7 21.
Rxd8 Rxd8 22. Nxa7 Nh5 23. Kf2 Be7 24. g3 Nf6 25. Bf4 Ned7 26. Bc7 Ra8 27. Nb5
Ne8 28. Bf4 g5 29. Be3 Ne5 30. Kg2 Nc6 31. Rd1 Nb4 32. Rd7 Nxc2 33. Bxc5 b6 34.
Bxe7 1-0

[Event "XXXIX C.to Italiano"]
[Site "Venezia ITA"]
[Date "1979.10.??"]
[Round "6"]
[White "Santolini, Luigi"]
[Black "Toth, Bela"]
[Result "0-1"]
[WhiteElo "2150"]
[BlackElo "2470"]
[PlyCount "76"]
[EventDate "1979.10.21"]

1. e4 g6 2. d4 Bg7 3. Nf3 d6 4. Nc3 Nf6 5. Be2 O-O 6. O-O c6 7. h3 Qc7 8. Be3
b5 9. e5 dxe5 10. dxe5 Rd8 11. Qc1 Nfd7 12. e6 fxe6 13. Bf4 e5 14. Bg5 Nf8 15.
Ne4 Bf5 16. Qe3 Na6 17. Nfd2 Nb4 18. Qb3+ Nd5 19. c4 bxc4 20. Qxc4 Be6 21. Qc5
Bf7 22. Rac1 Ne6 23. Qa3 Nxg5 24. Nxg5 Nf4 25. Qe3 Qb6 26. Bg4 Bxa2 27. Qa3 Bd5
28. g3 h6 29. gxf4 hxg5 30. fxg5 Qd4 31. Nf3 Qf4 32. Qe3 Rf8 33. Nh4 Kh7 34.
Ng2 Qd4 35. Qc3 Rab8 36. Ne3 Qf4 37. Rcd1 e4 38. Qc5 Be5 0-1

[Event "XXXIX C.to Italiano"]
[Site "Venezia ITA"]
[Date "1979.10.??"]
[Round "6"]
[White "Trabattoni, Franco"]
[Black "Tatai, Stefano"]
[Result "1/2-1/2"]
[WhiteElo "2330"]
[BlackElo "2475"]
[PlyCount "33"]
[EventDate "1979.10.21"]

1. e4 e5 2. Nf3 Nc6 3. Bb5 f5 4. Nc3 fxe4 5. Nxe4 Nf6 6. Qe2 d5 7. Nxf6+ gxf6
8. d4 Bg7 9. c4 a6 10. cxd5 axb5 11. dxc6 bxc6 12. dxe5 O-O 13. O-O Be6 14. Rd1
Qe7 15. Nd4 fxe5 16. Nxe6 Qxe6 17. a3 1/2-1/2

[Event "XXXIX C.to Italiano"]
[Site "Venezia ITA"]
[Date "1979.10.??"]
[Round "6"]
[White "Vallifuoco, Giacomo"]
[Black "Laco, Giuseppe"]
[Result "1-0"]
[WhiteElo "2285"]
[BlackElo "2160"]
[PlyCount "159"]
[EventDate "1979.10.21"]

1. c4 g6 2. Nc3 Bg7 3. d4 f5 4. Nf3 Nf6 5. g3 O-O 6. Bg2 c6 7. O-O Na6 8. b3 d6
9. Bb2 Qe8 10. d5 Bd7 11. Nd4 Nc7 12. e3 c5 13. Nde2 a6 14. Qc2 b5 15. Nb1 b4
16. Nd2 g5 17. e4 Qg6 18. e5 Ng4 19. e6 Be8 20. h3 Nf6 21. f4 g4 22. h4 Nh5 23.
a3 bxa3 24. Rxa3 Bxb2 25. Qxb2 Qf6 26. Rb1 Bg6 27. Qxf6 Nxf6 28. Ra5 Rab8 29.
Kf2 Rb6 30. Ke3 Rfb8 31. Kd3 Kg7 32. Kc3 Nh5 33. Nf1 Kf6 34. Ne3 Ng7 35. Nc1
Nh5 36. Nf1 Ng7 37. Rba1 h6 38. R1a3 Bh7 39. Kd2 Bg8 40. Ke1 Bxe6 41. dxe6
Ngxe6 42. Kd2 h5 43. Ne3 Nd4 44. Kc3 e6 45. Nc2 Nf3 46. Kd3 e5 47. Bxf3 gxf3
48. fxe5+ dxe5 49. Ke3 e4 50. Rxc5 Ne6 51. Rd5 Rg8 52. Raa5 f4+ 53. gxf4 Rg1
54. Ra1 Rg2 55. Kxe4 Rxc2 56. Kxf3 Ng7 57. Ke4 Rh2 58. Rda5 Re6+ 59. Re5 Rxh4
60. Rxe6+ Nxe6 61. Nd3 Nc7 62. Nc5 Rh3 63. Rd1 Ne8 64. Rd8 Rh1 65. Nd3 Ke7 66.
Ra8 Ra1 67. Ke5 h4 68. Ra7+ Kf8 69. Rh7 Rh1 70. Nf2 Rb1 71. Ne4 Rxb3 72. f5 h3
73. f6 Re3 74. Kf5 Nxf6 75. Kxf6 Ke8 76. Nd6+ Kd8 77. c5 Rf3+ 78. Ke6 Re3+ 79.
Kd5 Re7 80. Rxh3 1-0

[Event "XXXIX C.to Italiano"]
[Site "Venezia ITA"]
[Date "1979.10.??"]
[Round "7"]
[White "Coppini, Giorgio"]
[Black "Rosino, Antonio"]
[Result "0-1"]
[WhiteElo "2285"]
[BlackElo "2290"]
[PlyCount "94"]
[EventDate "1979.10.21"]

1. Nf3 Nf6 2. b3 g6 3. Bb2 Bg7 4. g3 O-O 5. Bg2 c5 6. O-O d5 7. e3 Nc6 8. d4
cxd4 9. exd4 Bf5 10. c4 dxc4 11. bxc4 Rc8 12. Na3 Qd7 13. d5 Na5 14. Ne5 Qd6
15. Qe2 a6 16. Rfe1 Nd7 17. Nxd7 Bxb2 18. Qxb2 Bxd7 19. Rab1 Nxc4 20. Nxc4 Rxc4
21. Qxb7 Rc7 22. Qb4 Qxb4 23. Rxb4 Rfc8 24. h4 Rc1 25. Rbe4 Rxe1+ 26. Rxe1 Kf8
27. Rb1 Bb5 28. Rb4 Rc1+ 29. Kh2 Rc2 30. a4 Rc4 31. Rxc4 Bxc4 32. g4 a5 33. Kg3
Bb3 34. Kf4 Bxa4 35. Ke5 Bd1 36. Kd4 Bxg4 37. f3 Bd7 38. Kc5 a4 39. Kb4 Kg7 40.
Bf1 Kf6 41. f4 e5 42. dxe6 Bxe6 43. Kxa4 Kf5 44. h5 Kxf4 45. hxg6 hxg6 46. Kb4
g5 47. Kc3 Ke3 0-1

[Event "XXXIX C.to Italiano"]
[Site "Venezia ITA"]
[Date "1979.10.??"]
[Round "7"]
[White "Messa, Roberto"]
[Black "Trabattoni, Franco"]
[Result "0-1"]
[WhiteElo "2205"]
[BlackElo "2330"]
[PlyCount "60"]
[EventDate "1979.10.21"]

1. e4 e6 2. d4 d5 3. Nc3 dxe4 4. Nxe4 Qd5 5. Bd3 Nf6 6. Nxf6+ gxf6 7. Nf3 Rg8
8. Qe2 Qh5 9. Bf4 Bd6 10. Bxd6 cxd6 11. O-O-O Na6 12. Kb1 Nc7 13. c4 Rxg2 14.
Rhg1 Rxg1 15. Rxg1 Kf8 16. Qe3 Bd7 17. Qf4 Ne8 18. Qg3 b5 19. cxb5 Bxb5 20. Be4
Rc8 21. d5 Rc4 22. Bd3 Qxd5 23. Bxc4 Bxc4 24. b3 Bd3+ 25. Kb2 Be4 26. Ne1 Qd4+
27. Ka3 Nc7 28. Qg8+ Ke7 29. Qb8 Qc5+ 30. b4 Qc3+ 0-1

[Event "XXXIX C.to Italiano"]
[Site "Venezia ITA"]
[Date "1979.10.??"]
[Round "7"]
[White "Sartori, Spartaco"]
[Black "Santolini, Luigi"]
[Result "1/2-1/2"]
[WhiteElo "2385"]
[BlackElo "2150"]
[PlyCount "43"]
[EventDate "1979.10.21"]

1. c4 e5 2. Nc3 g6 3. g3 Bg7 4. Bg2 Ne7 5. e4 O-O 6. Nge2 d6 7. O-O Nbc6 8. d3
f5 9. exf5 Nxf5 10. Nd5 Ncd4 11. Nxd4 Nxd4 12. Be3 Nf5 13. Bd2 Be6 14. Ba5 b6
15. Bc3 Qd7 16. Nb4 c5 17. Nd5 Rae8 18. a3 Ne7 19. Ne3 d5 20. Bd2 Rd8 21. cxd5
Nxd5 22. Be4 1/2-1/2

[Event "XXXIX C.to Italiano"]
[Site "Venezia ITA"]
[Date "1979.10.??"]
[Round "7"]
[White "Taruffi, Daniele"]
[Black "Bonfa', Ileano"]
[Result "1/2-1/2"]
[WhiteElo "2345"]
[BlackElo "2300"]
[PlyCount "20"]
[EventDate "1979.10.21"]

1. Nf3 d5 2. b3 c5 3. Bb2 Nc6 4. e3 a6 5. Be2 Nf6 6. O-O e6 7. d4 Be7 8. c4
dxc4 9. bxc4 O-O 10. Nc3 cxd4 1/2-1/2

[Event "XXXIX C.to Italiano"]
[Site "Venezia ITA"]
[Date "1979.10.??"]
[Round "7"]
[White "Tatai, Stefano"]
[Black "Olivotto, Roberto"]
[Result "1-0"]
[WhiteElo "2475"]
[BlackElo "2225"]
[PlyCount "49"]
[EventDate "1979.10.21"]

1. d4 Nf6 2. c4 e6 3. Nf3 b6 4. a3 Bb7 5. Nc3 Ne4 6. Nxe4 Bxe4 7. e3 Be7 8. Bd3
Bxd3 9. Qxd3 O-O 10. O-O d5 11. b4 Nd7 12. cxd5 exd5 13. Bb2 Bd6 14. b5 Qf6 15.
a4 Rfe8 16. Ba3 Re6 17. a5 Rd8 18. axb6 axb6 19. Bxd6 Rxd6 20. Rfc1 c5 21. bxc6
Rxc6 22. Qb5 Rdc8 23. Rxc6 Qxc6 24. Qxc6 Rxc6 25. Ne5 1-0

[Event "XXXIX C.to Italiano"]
[Site "Venezia ITA"]
[Date "1979.10.??"]
[Round "7"]
[White "Toth, Bela"]
[Black "Passerotti, Pierluigi"]
[Result "1/2-1/2"]
[WhiteElo "2470"]
[BlackElo "2340"]
[PlyCount "88"]
[EventDate "1979.10.21"]

1. d4 d5 2. c4 e6 3. Nc3 Nf6 4. cxd5 exd5 5. Bg5 Be7 6. e3 c6 7. Qc2 Bg4 8.
Nge2 Nh5 9. Bxe7 Qxe7 10. h3 Bxe2 11. Bxe2 Nf6 12. Bd3 O-O 13. O-O Nbd7 14. b4
Nb6 15. Rab1 g6 16. Rfc1 Rac8 17. a4 a6 18. Rb2 Rfd8 19. Qb3 Ne8 20. Rbc2 Nd6
21. b5 axb5 22. axb5 Nbc4 23. bxc6 bxc6 24. Ra2 Qg5 25. Bxc4 Nxc4 26. Rca1 Rb8
27. Qc2 Re8 28. Na4 Rb4 29. Nc5 Kg7 30. Nd3 Rb7 31. Ra6 Qf6 32. Qa4 Nb2 33.
Nxb2 Rxb2 34. Rf1 Re6 35. Qa3 Rc2 36. Ra8 Qe7 37. Qb3 Re2 38. Qb8 Kh6 39. Qf4+
Kg7 40. Rb1 Rf6 41. Qg3 Rfxf2 42. Qxf2 Rxf2 43. Kxf2 c5 44. dxc5 Qxc5 1/2-1/2

[Event "XXXIX C.to Italiano"]
[Site "Venezia ITA"]
[Date "1979.10.??"]
[Round "8"]
[White "Laco, Giuseppe"]
[Black "Capece, Adolivio"]
[Result "1-0"]
[WhiteElo "2160"]
[BlackElo "2205"]
[PlyCount "53"]
[EventDate "1979.10.21"]

1. c4 e5 2. Nc3 Nc6 3. Nf3 Nf6 4. a3 d5 5. cxd5 Nxd5 6. Qc2 Be7 7. e4 Nxc3 8.
dxc3 a6 9. Be3 Be6 10. b4 O-O 11. Be2 Qe8 12. h4 f6 13. Nd2 Qf7 14. g4 a5 15.
b5 Nb4 16. cxb4 axb4 17. a4 b3 18. Qc3 Rfd8 19. Bd1 c5 20. Bxb3 Bxb3 21. Qxb3
Qxb3 22. Nxb3 c4 23. Nc1 Bb4+ 24. Ke2 Ra5 25. Na2 Rxa4 26. Nxb4 Rxb4 27. Rhb1
1-0

[Event "XXXIX C.to Italiano"]
[Site "Venezia ITA"]
[Date "1979.10.??"]
[Round "8"]
[White "Olivotto, Roberto"]
[Black "Messa, Roberto"]
[Result "1/2-1/2"]
[WhiteElo "2225"]
[BlackElo "2205"]
[PlyCount "32"]
[EventDate "1979.10.21"]

1. e4 e6 2. d4 d5 3. e5 c5 4. c3 Ne7 5. Bd3 Nec6 6. Nf3 Be7 7. Nbd2 O-O 8. h4
cxd4 9. Bxh7+ Kh8 10. Ng5 g6 11. Nxf7+ Rxf7 12. Bxg6 Qg8 13. Qh5+ Rh7 14. Bxh7
Qxh7 15. Qe8+ Qg8 16. Qh5+ Qh7 1/2-1/2

[Event "XXXIX C.to Italiano"]
[Site "Venezia ITA"]
[Date "1979.10.??"]
[Round "8"]
[White "Passerotti, Pierluigi"]
[Black "Sartori, Spartaco"]
[Result "1-0"]
[WhiteElo "2340"]
[BlackElo "2385"]
[PlyCount "117"]
[EventDate "1979.10.21"]

1. e4 e6 2. d4 d5 3. Nc3 Bb4 4. e5 c5 5. a3 Bxc3+ 6. bxc3 Ne7 7. Nf3 Bd7 8.
dxc5 Qc7 9. Bd3 Ba4 10. Rb1 Nec6 11. O-O Nd7 12. Re1 Nxc5 13. Qe2 Rc8 14. Bd2
b6 15. h3 h6 16. Nh2 d4 17. c4 Ne7 18. Nf1 Nf5 19. Bf4 O-O 20. g4 Nh4 21. Bg3
Ng6 22. Nd2 Bc6 23. Ra1 Bb7 24. Kh2 Na4 25. Ne4 Bxe4 26. Qxe4 Rfd8 27. f4 Nb2
28. f5 Nf8 29. Bh4 Re8 30. Qxd4 Nxc4 31. Bg3 Red8 32. Qf2 Nb2 33. Be4 Qc3 34.
Rab1 Rd2 35. Re2 Rcd8 36. Rbe1 Nd1 37. Qf3 Qxf3 38. Bxf3 Nc3 39. Rg2 Rxg2+ 40.
Kxg2 Rd2+ 41. Kf1 Rxc2 42. Re3 Nb1 43. Be1 Nd2+ 44. Bxd2 Rxd2 45. Rc3 g6 46. f6
Nd7 47. Rc8+ Kh7 48. Rd8 a6 49. Ke1 Rd3 50. Ke2 Rxf3 51. Kxf3 Nxe5+ 52. Ke4 Nc4
53. h4 Nxa3 54. Rf8 g5 55. h5 Nc4 56. Rxf7+ Kg8 57. Re7 a5 58. Rxe6 Kf7 59. Kf5
1-0

[Event "XXXIX C.to Italiano"]
[Site "Venezia ITA"]
[Date "1979.10.??"]
[Round "8"]
[White "Rosino, Antonio"]
[Black "Toth, Bela"]
[Result "1/2-1/2"]
[WhiteElo "2290"]
[BlackElo "2470"]
[PlyCount "33"]
[EventDate "1979.10.21"]

1. e4 e5 2. Nf3 Nf6 3. Nxe5 d6 4. Nf3 Nxe4 5. d4 d5 6. Bd3 Be7 7. O-O Nc6 8.
Re1 Bg4 9. c3 f5 10. Nbd2 Nxd2 11. Bxd2 O-O 12. Be2 f4 13. Ne5 Nxe5 14. Bxg4
Nc4 15. b3 Nxd2 16. Qxd2 Kh8 17. Re6 1/2-1/2

[Event "XXXIX C.to Italiano"]
[Site "Venezia ITA"]
[Date "1979.10.??"]
[Round "8"]
[White "Santolini, Luigi"]
[Black "Tatai, Stefano"]
[Result "0-1"]
[WhiteElo "2150"]
[BlackElo "2475"]
[PlyCount "60"]
[EventDate "1979.10.21"]

1. e4 c5 2. Nf3 d6 3. d4 cxd4 4. Qxd4 Nc6 5. Bb5 Qd7 6. Qd3 a6 7. Bxc6 Qxc6 8.
c4 b5 9. Nbd2 Nf6 10. cxb5 Qxb5 11. Qxb5+ axb5 12. Nd4 Bd7 13. O-O g6 14. f3
Bg7 15. N2b3 O-O 16. Bd2 Rfc8 17. Bc3 e5 18. Ne2 Be6 19. Kf2 d5 20. Bxe5 Nxe4+
21. fxe4 Bxe5 22. exd5 Bxd5 23. Nbd4 Bc4 24. Rfd1 Rd8 25. a3 Rd6 26. b3 Bxe2
27. Nxe2 Rf6+ 28. Kg1 Bxa1 29. Rxa1 Rfa6 30. Nd4 Rxa3 0-1

[Event "XXXIX C.to Italiano"]
[Site "Venezia ITA"]
[Date "1979.10.??"]
[Round "8"]
[White "Trabattoni, Franco"]
[Black "Taruffi, Daniele"]
[Result "1-0"]
[WhiteElo "2330"]
[BlackElo "2345"]
[PlyCount "79"]
[EventDate "1979.10.21"]

1. Nf3 f5 2. d4 Nf6 3. g3 g6 4. Bg2 Bg7 5. O-O O-O 6. c4 d6 7. Nc3 c6 8. b3 Qc7
9. Bb2 e5 10. dxe5 dxe5 11. Na4 Re8 12. e3 e4 13. Nd4 Nbd7 14. Qc2 Ne5 15. Rfd1
g5 16. Bc3 Qf7 17. f4 exf3 18. Nxf3 Neg4 19. Bd4 Ne4 20. Re1 c5 21. Bxg7 Qxg7
22. Rad1 b6 23. Nd2 Bb7 24. Nxe4 Bxe4 25. Bxe4 Rxe4 26. Nc3 Rxe3 27. Nd5 Rxe1+
28. Rxe1 Qd4+ 29. Kg2 Rf8 30. h3 Ne5 31. Ne7+ Kh8 32. Nxf5 Nd3 33. Rd1 Qe4+ 34.
Kh2 Qxf5 35. Qxd3 Qxd3 36. Rxd3 Rf2+ 37. Kg1 Rxa2 38. Rd7 Ra3 39. Kf2 a5 40.
Rd3 1-0

[Event "XXXIX C.to Italiano"]
[Site "Venezia ITA"]
[Date "1979.10.??"]
[Round "8"]
[White "Vallifuoco, Giacomo"]
[Black "Coppini, Giorgio"]
[Result "1/2-1/2"]
[WhiteElo "2285"]
[BlackElo "2285"]
[PlyCount "36"]
[EventDate "1979.10.21"]

1. d4 Nf6 2. c4 g6 3. Nc3 Bg7 4. e4 d6 5. f4 O-O 6. Nf3 Bg4 7. Be2 c5 8. d5 a6
9. O-O Nbd7 10. h3 Bxf3 11. Bxf3 Ne8 12. a4 b6 13. g4 Nc7 14. g5 b5 15. axb5
axb5 16. Rxa8 Qxa8 17. Nxb5 Nxb5 18. cxb5 Rb8 1/2-1/2

[Event "XXXIX C.to Italiano"]
[Site "Venezia ITA"]
[Date "1979.10.??"]
[Round "9"]
[White "Coppini, Giorgio"]
[Black "Laco, Giuseppe"]
[Result "1-0"]
[WhiteElo "2285"]
[BlackElo "2160"]
[PlyCount "109"]
[EventDate "1979.10.21"]

1. Nf3 g6 2. c4 Bg7 3. Nc3 c5 4. g3 e5 5. Bg2 Ne7 6. d3 d6 7. O-O O-O 8. a3
Nbc6 9. Rb1 a5 10. Nd5 Nxd5 11. cxd5 Ne7 12. Nd2 b5 13. a4 b4 14. Nc4 Bb7 15.
e4 Qc7 16. f4 f6 17. fxe5 fxe5 18. Bh3 Rxf1+ 19. Qxf1 Rf8 20. Qe2 h6 21. Bd2
Kh7 22. Rf1 Rxf1+ 23. Qxf1 Ng8 24. Be6 Ba6 25. Qh3 Bxc4 26. Bxg8+ Kxg8 27. dxc4
Kh7 28. Qe6 Bf8 29. Qe8 Qe7 30. Qc8 Bg7 31. Kg2 Qf6 32. h4 Qf7 33. b3 Bf8 34.
Qd8 Qe7 35. Qxe7+ Bxe7 36. Kh3 Kg7 37. Kg4 Bd8 38. h5 Be7 39. Be3 Bd8 40. hxg6
Kxg6 41. Bxh6 Kxh6 42. Kf5 Kh5 43. Ke6 Bc7 44. Kd7 Bb8 45. Kc8 Ba7 46. Kc7 Kg4
47. Kxd6 Bb8+ 48. Kxc5 Kf3 49. Kc6 Kxe4 50. c5 Kf5 51. g4+ Kf6 52. d6 e4 53.
g5+ Ke6 54. g6 e3 55. g7 1-0

[Event "XXXIX C.to Italiano"]
[Site "Venezia ITA"]
[Date "1979.10.??"]
[Round "9"]
[White "Messa, Roberto"]
[Black "Santolini, Luigi"]
[Result "1-0"]
[WhiteElo "2205"]
[BlackElo "2150"]
[PlyCount "89"]
[EventDate "1979.10.21"]

1. e4 c5 2. c4 Nc6 3. Nc3 g6 4. g3 Bg7 5. Bg2 e6 6. Nge2 Nge7 7. d3 O-O 8. O-O
b6 9. Rb1 Bb7 10. Be3 d6 11. d4 cxd4 12. Nxd4 Na5 13. Qd3 Rc8 14. b3 d5 15.
cxd5 exd5 16. Rfd1 dxe4 17. Nxe4 Bxe4 18. Qxe4 Qe8 19. Rbc1 Rxc1 20. Rxc1 Bxd4
21. Bxd4 Nf5 22. Qxe8 Rxe8 23. Bb2 Nd6 24. Kf1 Nab7 25. Rc7 Nc5 26. Rxa7 Nd3
27. Bc3 Nb5 28. Bc6 Rc8 29. Bxb5 Rxc3 30. Bxd3 Rxd3 31. Rb7 Rd6 32. Ke2 Kg7 33.
a4 Kf6 34. Ke3 h5 35. b4 Ke6 36. a5 bxa5 37. bxa5 Rd5 38. a6 Ra5 39. a7 Ra4 40.
h3 f6 41. Kd3 Kf5 42. Kc3 g5 43. Kb3 Ra1 44. Kb4 h4 45. Rb5+ 1-0

[Event "XXXIX C.to Italiano"]
[Site "Venezia ITA"]
[Date "1979.10.??"]
[Round "9"]
[White "Sartori, Spartaco"]
[Black "Rosino, Antonio"]
[Result "1/2-1/2"]
[WhiteElo "2385"]
[BlackElo "2290"]
[PlyCount "50"]
[EventDate "1979.10.21"]

1. c4 e5 2. Nc3 Nf6 3. Nf3 Nc6 4. g3 Bb4 5. Bg2 Bxc3 6. bxc3 O-O 7. O-O e4 8.
Nd4 Nxd4 9. cxd4 d5 10. d3 Bf5 11. dxe4 dxe4 12. Rb1 Rb8 13. Rb5 Qd7 14. Bg5 c6
15. Rb3 Ne8 16. e3 h6 17. Bf4 Rd8 18. Qb1 b6 19. h4 Be6 20. Rb4 f5 21. Be5 Rf7
22. c5 b5 23. f3 a5 24. Rb2 exf3 25. Bxf3 Nf6 1/2-1/2

[Event "XXXIX C.to Italiano"]
[Site "Venezia ITA"]
[Date "1979.10.??"]
[Round "9"]
[White "Taruffi, Daniele"]
[Black "Olivotto, Roberto"]
[Result "1-0"]
[WhiteElo "2345"]
[BlackElo "2225"]
[PlyCount "55"]
[EventDate "1979.10.21"]

1. e4 d5 2. exd5 Nf6 3. d4 Nxd5 4. c4 Nf6 5. Nc3 g6 6. Nf3 Bg7 7. Be2 Bf5 8.
O-O Ne4 9. Qb3 Nxc3 10. bxc3 Bc8 11. c5 O-O 12. Re1 Nd7 13. Bc4 Nf6 14. a4 b6
15. Ba3 e6 16. cxb6 axb6 17. Bxf8 Bxf8 18. Ne5 Nd5 19. Be2 Ne7 20. Bf3 Ra5 21.
Nc4 Ra6 22. g3 Bg7 23. a5 bxa5 24. Nxa5 c5 25. Nb7 Rb6 26. Nxd8 Rxb3 27. Ra8
cxd4 28. Nc6 1-0

[Event "XXXIX C.to Italiano"]
[Site "Venezia ITA"]
[Date "1979.10.??"]
[Round "9"]
[White "Tatai, Stefano"]
[Black "Passerotti, Pierluigi"]
[Result "1/2-1/2"]
[WhiteElo "2475"]
[BlackElo "2340"]
[PlyCount "43"]
[EventDate "1979.10.21"]

1. Nf3 Nf6 2. c4 e6 3. g3 d5 4. b3 Be7 5. Bg2 O-O 6. O-O c6 7. Bb2 Nbd7 8. d3
Qc7 9. Qc2 Re8 10. Nbd2 Bf8 11. d4 b6 12. e4 dxe4 13. Nxe4 Nxe4 14. Qxe4 Bb7
15. Rad1 h6 16. Qc2 Rad8 17. Rd2 Be7 18. Rfd1 c5 19. d5 exd5 20. cxd5 Qd6 21.
h3 Bf6 22. Nh2 1/2-1/2